01797cam a2200325 a 45000010008000000030009000080050017000170060019000340070015000530080041000680200015001090350026001240400036001500420014001860500022002000820025002222100055002472450106003022600040004084400036004485020006004845040066004905050569005565060043011256500042011686500024012107000053012347730051012878560133013387690391USPCAS-E20180118181415.0m d cr n 011101s2001 enka sb 001 0 eng d a0750650737 a(WaSeSS)ssj0000145192 aEYMcEYMdTXAdCODdDLCdWaSeSS alccopycat 4aTK2785b.E42 200100a621.43221bELE 200110aElectronic control of switched reluctance machines00aElectronic control of switched reluctance machinesh[electronic resource] /cedited by T.J.E. Miller. aOxford ;aBoston :bNewnes,cc2001. 0aNewnes power engineering series a0 aIncludes bibliographical references (p. [252]-266) and index.0 aIntroduction / T.J.E. Miller -- Development history / Antony F. Anderson -- Electromagnetic energy conversion / T.J.E. Miller -- Designing for low noise / W.A. Pengov and R.L. Weinberg -- Average torque control / Lynne Kelly, Calum Cossar and T.J.E. Miller -- Instantaneous torque control / Philip C. Kjaer and Jeremy J. Gribble -- Sensorless control / Gabriel Gallegos-López -- Torque ripple control in a practical application / Kevin McLaughlin -- Drive development and test / Calum Cossar and Lynne Kelly -- The switched reluctance generator / Tadashi Sawata. aLicense restrictions may limit access. 0aReluctance motorsxAutomatic control. 0aElectronic control.1 aMiller, T. J. E.q(Timothy John Eastham),d1947- 0tReferex Electronics and Electrical Engineering40uhttp://www.columbia.edu/cgi-bin/cul/resolve?clio7690391zFull text available from Referex Electronics and Electrical Engineering